Gôdel's proof

Salvato in:
Dettagli Bibliografici
Autori principali: Nagel, Ernest (Autore), Newman, James R. (Autore)
Natura: Libro
Lingua:inglese
Pubblicazione: Nueva York New York University 1958
Soggetti:
Tags: Aggiungi Tag
Nessun Tag, puoi essere il primo ad aggiungerne!!

MARC

LEADER 00000nam a2200000 a 4500
001 UCQ7489
003 CL-VaPUC
008 981113e19580000US |||||||||||||||||eng|d
082 0 4 |a 511.3  |b NAG  |2 21 
100 |a Nagel, Ernest  |e author  |9 421294 
700 |a Newman, James R.  |e author  |9 421295 
245 1 0 |a Gôdel's proof 
300 |a 118 p 
942 |c BK 
945 |d 19981113 00:00:00  |a lriquelm 
260 |a Nueva York  |b New York University  |c 1958 
600 0 |a Gödel, Kurt Friedrich  |9 269759 
650 0 |a Matemática  |9 260235 
650 0 |a Lógica matemática   |9 262442 
650 0 |a Lógica formal  |9 372553 
583 |a last modification  |c 19981113 00:00:00  |k Rodrigo Vera 
999 |c 277095  |d 277093 
952 |0 0  |1 0  |4 0  |6 511_300000000000000_NAG_1958  |7 0  |8 A  |9 314832  |a BIBMAT  |b BIBMAT  |d 2019-11-20  |i 1491695  |o 511.3 NAG 1958  |p 1491695  |r 2025-01-07  |w 2019-11-20  |y BK  |k MAT